000 00757nam a2200265Ia 4500
003 OSt
005 20220926010407.0
006 a|||||r|||| 00| 0
007 ta
008 220923b |||||||| |||| 00| 0 eng d
020 _a085226 015 6
037 _cGeneral Book
040 _aRTL
_cRTL
_beng
041 _2eng
_aeng
082 _aX.2.N7, M2;M8/TD3
100 _aAgrawal A N
_9151289
245 0 _aIndian economy
_bProblems of development and planning
250 _a14
260 _a New Delhi
_bWiley Eastern
_c1986
300 _axv,711p.
_ccm.
500 _aBibliography P 710-11
650 _aIndia Economic Conditions
_940151
942 _hX.2.N7, M2;M8/TD3
_cGB
_2CC
999 _c617189
_d617189